[Event "European Club Cup 2006"]
[Site "Fuegen AUT"]
[Date "2006.10.12"]
[Round "5.79"]
[White "Gaertner, Guntram"]
[Black "Houska, Jovanka"]
[Result "0-1"]
[WhiteElo "2331"]
[BlackElo "2364"]
[PlyCount "124"]
[EventDate "2006.10.08"]
[EventType "team"]
[EventRounds "7"]
[EventCountry "AUT"]
[Source "lmi"]
[SourceDate "2006.10.08"]

1. d4 d5 2. c4 c6 3. cxd5 cxd5 4. Nf3 Nf6 5. Nc3 Nc6 6. Bf4 a6 7. e3 Bg4 8. Be2
Bxf3 9. Bxf3 e6 10. O-O Be7 11. Bg5 O-O 12. Bxf6 Bxf6 13. Rc1 Rc8 14. Na4 Qe7
15. Nc5 Rc7 16. Nd3 Rfc8 17. Qa4 g6 18. Rc5 Kg7 19. Rfc1 Qd8 20. Qd1 h5 21. h3
Qd6 22. Be2 Bd8 23. f4 Ne7 24. Rxc7 Rxc7 25. Rxc7 Qxc7 26. Qd2 Nf5 27. Ne5 Qa5
28. b4 Qa3 29. Bd3 Nd6 30. g4 hxg4 31. hxg4 Bf6 32. f5 exf5 33. gxf5 g5 34. Kf2
b5 35. Kf3 Nc4 36. Nxc4 bxc4 37. Bb1 c3 38. Qc2 Qxb4 39. Qb3 Qa5 40. Kg4 Qc7
41. Qc2 a5 42. Qe2 Qb8 43. Bd3 Qh8 44. Qg2 Qh4+ 45. Kf3 Qe1 46. Bc2 Kf8 47. Bb3
Be7 48. Qf2 Qh1+ 49. Ke2 Qb1 50. f6 Bd6 51. Qe1 c2 52. Qxa5 Kg8 53. Qxd5 Qd1+
54. Kf2 Qd2+ 55. Kf3 Qd1+ 56. Kf2 Qd2+ 57. Kf3 g4+ 58. Kxg4 Qe2+ 59. Kh3 Qh2+
60. Kg4 Qg3+ 61. Kh5 Qg6+ 62. Kh4 Qxf6+ 0-1

[Event "European Club Cup 2006"]
[Site "Fuegen AUT"]
[Date "2006.10.12"]
[Round "5.80"]
[White "Cooper, Lawrence"]
[Black "Grabher, Heinz"]
[Result "1-0"]
[WhiteElo "2309"]
[BlackElo "2311"]
[PlyCount "151"]
[EventDate "2006.10.08"]
[EventType "team"]
[EventRounds "7"]
[EventCountry "AUT"]
[Source "lmi"]
[SourceDate "2006.10.08"]

1. e4 c5 2. Nf3 e6 3. c3 d5 4. exd5 Qxd5 5. d4 Nf6 6. Bd3 Nc6 7. O-O cxd4 8.
cxd4 Be7 9. Nc3 Qd6 10. Nb5 Qd7 11. Bf4 Nd5 12. Bg3 O-O 13. Rc1 a6 14. Nc3 Rd8
15. Qe2 Nxc3 16. bxc3 b5 17. a4 bxa4 18. Be4 Bb7 19. Rb1 Bf6 20. Qc2 Ra7 21.
Bxh7+ Kh8 22. Be4 Kg8 23. Ra1 Ne7 24. Bxb7 Rxb7 25. Rxa4 Rc8 26. Rxa6 Nd5 27.
Ra3 Be7 28. Rb3 Rxb3 29. Qxb3 Nxc3 30. Re1 Bf6 31. Be5 Bxe5 32. dxe5 Qd3 33.
Qb7 Rd8 34. h3 Rd7 35. Qa8+ Rd8 36. Qc6 Ne2+ 37. Kh2 Nd4 38. Nxd4 Qxd4 39. Qf3
Rd5 40. Re4 Qa1 41. Qb3 Qd1 42. Qb8+ Rd8 43. Qc7 Qd5 44. Rf4 Rd7 45. Qb8+ Rd8
46. Qb6 Rd7 47. Qe3 Qd2 48. Qg3 Rd3 49. Qh4 Qc3 50. Qe7 Qxe5 51. Qxf7+ Kh7 52.
g3 Rd4 53. Rxd4 Qxd4 54. h4 Qe4 55. Kg1 Kh6 56. Qe7 Qe1+ 57. Kg2 Qe4+ 58. Kh2
Qf5 59. Qa7 Kh7 60. Qe3 Qd5 61. f3 Qf5 62. Qe4 g6 63. Qxf5 exf5 64. Kg2 Kg7 65.
Kf2 Kf6 66. Ke2 Ke5 67. Kd3 Kd5 68. Ke3 Ke5 69. g4 fxg4 70. fxg4 Kf6 71. Kd4
Ke6 72. Ke4 Kf6 73. Kd5 Ke7 74. Ke5 Kf7 75. Kd6 Kf6 76. g5+ 1-0

[Event "European Club Cup 2006"]
[Site "Fuegen AUT"]
[Date "2006.10.12"]
[Round "5.81"]
[White "Thoma, Robert"]
[Black "Lindner, Daniel"]
[Result "0-1"]
[WhiteElo "2363"]
[BlackElo "2271"]
[PlyCount "90"]
[EventDate "2006.10.08"]
[EventType "team"]
[EventRounds "7"]
[EventCountry "AUT"]
[Source "lmi"]
[SourceDate "2006.10.08"]

1. Nf3 d5 2. b3 Bg4 3. Bb2 Bxf3 4. exf3 e6 5. g3 Nf6 6. Bg2 Nbd7 7. f4 c6 8.
O-O Bd6 9. Re1 O-O 10. d3 Qa5 11. a3 Rfe8 12. Nd2 e5 13. fxe5 Bxe5 14. Bxe5
Nxe5 15. b4 Qb6 16. Nb3 Re7 17. d4 Ng6 18. Rxe7 Nxe7 19. Qd3 g6 20. Bh3 Kg7 21.
Re1 Re8 22. Re5 Qd8 23. Qe2 Ne4 24. Nc5 Nxc5 25. bxc5 Kf8 26. Qe3 Ng8 27. Bf1
Re7 28. Qf4 Qc7 29. Qe3 Qd8 30. f3 b6 31. cxb6 axb6 32. Kf2 Qd6 33. c4 Nf6 34.
Rxe7 Qxe7 35. Qb3 Qc7 36. Qb4+ Ke8 37. c5 b5 38. a4 bxa4 39. Qxa4 Qb7 40. Qa3
Ng8 41. Bd3 Nf6 42. Be2 Nd7 43. Bf1 Nf8 44. Qe3+ Ne6 45. Qd2 Qb1 0-1

[Event "European Club Cup 2006"]
[Site "Fuegen AUT"]
[Date "2006.10.12"]
[Round "5.82"]
[White "Sprenger, Jan Michael"]
[Black "Thorhallsson, Throstur"]
[Result "0-1"]
[WhiteElo "2525"]
[BlackElo "2469"]
[PlyCount "46"]
[EventDate "2006.10.08"]
[EventType "team"]
[EventRounds "7"]
[EventCountry "AUT"]
[Source "lmi"]
[SourceDate "2006.10.08"]

1. e4 c5 2. Nf3 Nc6 3. d4 cxd4 4. Nxd4 Nf6 5. Nc3 Qb6 6. Nb3 e6 7. Qe2 Bb4 8.
Bd2 O-O 9. e5 Nd5 10. Nxd5 exd5 11. O-O-O d6 12. Be3 Qc7 13. a3 dxe5 14. axb4
d4 15. b5 Na5 16. Nxd4 exd4 17. Bxd4 Nb3+ 18. Kb1 Qa5 19. cxb3 Bf5+ 20. Rd3
Rfe8 21. Be3 Qxb5 22. Qc2 Rac8 23. Qxc8 Rxc8 0-1

[Event "European Club Cup 2006"]
[Site "Fuegen AUT"]
[Date "2006.10.12"]
[Round "5.83"]
[White "Kristjansson, Stefan"]
[Black "Likavsky, Tomas"]
[Result "1-0"]
[WhiteElo "2482"]
[BlackElo "2480"]
[PlyCount "103"]
[EventDate "2006.10.08"]
[EventType "team"]
[EventRounds "7"]
[EventCountry "AUT"]
[Source "lmi"]
[SourceDate "2006.10.08"]

1. e4 c5 2. c3 e6 3. d4 d5 4. e5 Qb6 5. Nf3 Nc6 6. a3 c4 7. Nbd2 Na5 8. Be2 Bd7
9. O-O Ne7 10. Ng5 h6 11. Nh3 O-O-O 12. Nf4 g6 13. Rb1 Kb8 14. h4 Nf5 15. g3
Be7 16. h5 Rhg8 17. Ng2 Rdf8 18. Bg4 Qd8 19. Bxf5 exf5 20. Nf4 g5 21. Nxd5 Bc6
22. Nxe7 Qxe7 23. b4 cxb3 24. c4 f4 25. d5 Bd7 26. Nxb3 Nxc4 27. Re1 Bf5 28. d6
Qd8 29. Nc5 Bxb1 30. Qb3 Nb6 31. Qxb1 Qc8 32. Ne4 Qh3 33. Qb3 Rc8 34. Nf6 Rgd8
35. Qf3 Rc2 36. Rd1 Rdc8 37. Bd2 Nc4 38. d7 Rd8 39. Bb4 Ka8 40. Qg4 Qxg4 41.
Nxg4 Nb6 42. Nxh6 fxg3 43. fxg3 Rxd7 44. Rxd7 Nxd7 45. Nxf7 g4 46. h6 Rc1+ 47.
Kf2 Rh1 48. e6 Nf6 49. Be7 Ne4+ 50. Kg2 Rh5 51. Bg5 Nxg5 52. e7 1-0

[Event "European Club Cup 2006"]
[Site "Fuegen AUT"]
[Date "2006.10.12"]
[Round "5.86"]
[White "Schweda, Roland"]
[Black "Gunnarsson, Jon Viktor"]
[Result "1/2-1/2"]
[WhiteElo "2451"]
[BlackElo "2414"]
[PlyCount "23"]
[EventDate "2006.10.08"]
[EventType "team"]
[EventRounds "7"]
[EventCountry "AUT"]
[Source "lmi"]
[SourceDate "2006.10.08"]

1. d4 g6 2. c4 Bg7 3. e4 c5 4. d5 d6 5. Nf3 e6 6. Bd3 Ne7 7. O-O O-O 8. Nc3 e5
9. Ne1 f5 10. exf5 gxf5 11. f4 Ng6 12. fxe5 1/2-1/2

[Event "European Club Cup 2006"]
[Site "Fuegen AUT"]
[Date "2006.10.12"]
[Round "5.87"]
[White "Bergsson, Snorri"]
[Black "Kremsner, Andreas"]
[Result "1-0"]
[WhiteElo "2334"]
[BlackElo "2214"]
[PlyCount "55"]
[EventDate "2006.10.08"]
[EventType "team"]
[EventRounds "7"]
[EventCountry "AUT"]
[Source "lmi"]
[SourceDate "2006.10.08"]

1. e4 c5 2. Nf3 d6 3. d4 Nf6 4. Nc3 cxd4 5. Nxd4 a6 6. Be3 e5 7. Nb3 Be7 8. f4
Qc7 9. a4 Be6 10. f5 Bc4 11. Bxc4 Qxc4 12. Qd3 Qc7 13. g4 h6 14. g5 hxg5 15.
Bxg5 Nbd7 16. h4 Rc8 17. O-O-O Qc4 18. Rhe1 b6 19. Qxc4 Rxc4 20. Rd3 Kd8 21.
Nd2 Rc6 22. b3 Nc5 23. Rf3 Kc8 24. Nc4 Kb7 25. Nd5 Re8 26. Bxf6 gxf6 27. h5 Bd8
28. Nb4 1-0

[Event "European Club Cup 2006"]
[Site "Fuegen AUT"]
[Date "2006.10.12"]
[Round "5.94"]
[White "Kiik, Kalle"]
[Black "Polzin, Rainer"]
[Result "1/2-1/2"]
[WhiteElo "2444"]
[BlackElo "2480"]
[PlyCount "55"]
[EventDate "2006.10.08"]
[EventType "team"]
[EventRounds "7"]
[EventCountry "AUT"]
[Source "lmi"]
[SourceDate "2006.10.08"]

1. e4 g6 2. d4 Bg7 3. Nf3 d6 4. Bc4 Nf6 5. Qe2 Nc6 6. e5 dxe5 7. dxe5 Ng4 8.
Bb5 O-O 9. Bxc6 bxc6 10. h3 Nh6 11. O-O Nf5 12. Rd1 Ba6 13. Qe1 Qc8 14. Nc3 c5
15. Be3 Bb7 16. Qe2 Nxe3 17. Qxe3 Bxf3 18. Qxf3 Bxe5 19. Nd5 Bd6 20. Re1 Re8
21. g4 c6 22. Ne3 Qe6 23. b3 Qe5 24. Nc4 Qd5 25. Qe3 Qd4 26. Qf3 Qd5 27. Qe3
Qd4 28. Qf3 1/2-1/2

[Event "European Club Cup 2006"]
[Site "Fuegen AUT"]
[Date "2006.10.12"]
[Round "5.95"]
[White "Thiede, Lars"]
[Black "Ivanov, Sergei"]
[Result "1-0"]
[WhiteElo "2504"]
[BlackElo "2354"]
[PlyCount "117"]
[EventDate "2006.10.08"]
[EventType "team"]
[EventRounds "7"]
[EventCountry "AUT"]
[Source "lmi"]
[SourceDate "2006.10.08"]

1. g3 g6 2. Bg2 Bg7 3. c4 c5 4. Nc3 Nc6 5. a3 a6 6. e3 Rb8 7. a4 e5 8. Nge2 d6
9. Nd5 Nge7 10. Nec3 Nxd5 11. cxd5 Nb4 12. d3 a5 13. O-O O-O 14. Nb5 b6 15. Na3
Ba6 16. Nc4 f5 17. e4 f4 18. Bh3 f3 19. Be6+ Kh8 20. h3 Bc8 21. Bxc8 Qxc8 22.
Kh2 Qd8 23. Be3 h6 24. Ra3 Kh7 25. Rg1 Rb7 26. g4 Rbf7 27. Rg3 Bf6 28. Rxf3 Bg5
29. Rxf7+ Rxf7 30. Qe2 Bf4+ 31. Kg2 Kg8 32. Ra1 Kf8 33. Rh1 Ke7 34. h4 Kd7 35.
h5 g5 36. Bxf4 Rxf4 37. Ne3 Rf6 38. Rh3 Kc7 39. Rf3 Rxf3 40. Kxf3 Qd7 41. Qd1
b5 42. axb5 Qxb5 43. Ke2 a4 44. Qd2 Kd7 45. Qc3 Na2 46. Qc2 Qb4 47. Nf5 a3 48.
bxa3 Qxa3 49. Nxh6 Nc3+ 50. Kd2 Nb5 51. Nf5 Qb4+ 52. Ke2 Nc3+ 53. Kf3 Nb5 54.
Kg2 Nd4 55. Nxd4 exd4 56. Qc1 Qc3 57. Qxg5 c4 58. h6 cxd3 59. h7 1-0

[Event "European Club Cup 2006"]
[Site "Fuegen AUT"]
[Date "2006.10.12"]
[Round "5.96"]
[White "Volodin, Aleksandr"]
[Black "Borriss, Martin"]
[Result "0-1"]
[WhiteElo "2339"]
[BlackElo "2455"]
[PlyCount "100"]
[EventDate "2006.10.08"]
[EventType "team"]
[EventRounds "7"]
[EventCountry "AUT"]
[Source "lmi"]
[SourceDate "2006.10.08"]

1. d4 Nf6 2. c4 g6 3. Nc3 Bg7 4. e4 d6 5. Be2 O-O 6. Bg5 Na6 7. Qd2 e5 8. d5
Nc5 9. f3 a5 10. h4 c6 11. h5 cxd5 12. cxd5 Bd7 13. g4 a4 14. Bh6 Qa5 15. hxg6
fxg6 16. Bxg7 Kxg7 17. Qh6+ Kg8 18. g5 Nh5 19. Rxh5 Rf7 20. a3 Nb3 21. Rd1 gxh5
22. Qxd6 Qa7 23. Kf1 Re8 24. Qh6 Qe3 25. d6 Nd2+ 26. Rxd2 Re6 27. Rd3 Qc1+ 28.
Rd1 Qxb2 29. g6 Rxg6 30. Qe3 Kh8 31. Qc5 Rfg7 32. Kf2 Rg2+ 33. Ke3 Rxg1 34.
Rxg1 Rxg1 35. Qxe5+ Rg7 36. Qf6 Qc1+ 37. Kd4 Qg1+ 38. Ke5 Qg5+ 39. Qxg5 Rxg5+
40. Kf6 Rg6+ 41. Ke7 Rg7+ 42. Kf6 h4 43. f4 h3 44. e5 Bc6 45. e6 h2 46. d7 Bxd7
47. Bf3 Rg6+ 48. Ke7 Rxe6+ 49. Kxd7 Re3 50. Bxb7 Rxc3 0-1

[Event "European Club Cup 2006"]
[Site "Fuegen AUT"]
[Date "2006.10.12"]
[Round "5.97"]
[White "Berndt, Stephan"]
[Black "Jouhki, Yrjo Markus"]
[Result "1/2-1/2"]
[WhiteElo "2445"]
[BlackElo "2298"]
[PlyCount "93"]
[EventDate "2006.10.08"]
[EventType "team"]
[EventRounds "7"]
[EventCountry "AUT"]
[Source "lmi"]
[SourceDate "2006.10.08"]

1. e4 c5 2. Nf3 d6 3. d4 cxd4 4. Nxd4 Nf6 5. Nc3 g6 6. Be3 Bg7 7. f3 Nc6 8. Qd2
Bd7 9. Bc4 Rc8 10. Bb3 Na5 11. O-O-O h5 12. h3 h4 13. Kb1 Nc4 14. Bxc4 Rxc4 15.
Rhe1 Rh5 16. Qd3 Qc8 17. Nde2 Ra5 18. Bd4 b5 19. Nc1 b4 20. Nd5 Rxd5 21. exd5
Bf5 22. Qe2 Nxd5 23. Bxg7 Rxc2 24. Qb5+ Kd8 25. Nd3 Rc5 26. Qa4 Nf4 27. Qxa7
Rc7 28. Qd4 Nxd3 29. Rxd3 Qa6 30. Re4 Qc6 31. a3 f6 32. Ka2 bxa3 33. Rc3 Qb5
34. Rxc7 axb2 35. Qxb2 Qa5+ 36. Qa3 Qd2+ 37. Ka1 Bxe4 38. Rc3 Qd1+ 39. Qc1 Qa4+
40. Qa3 Qd1+ 41. Rc1 Qd4+ 42. Qc3 Qa7+ 43. Kb2 Qb6+ 44. Qb3 Qf2+ 45. Ka3 Qa7+
46. Kb2 Qf2+ 47. Ka3 1/2-1/2

[Event "European Club Cup 2006"]
[Site "Fuegen AUT"]
[Date "2006.10.12"]
[Round "5.98"]
[White "Lahtinen, Markku"]
[Black "Schneider, Ilja"]
[Result "1/2-1/2"]
[WhiteElo "2257"]
[BlackElo "2368"]
[PlyCount "146"]
[EventDate "2006.10.08"]
[EventType "team"]
[EventRounds "7"]
[EventCountry "AUT"]
[Source "lmi"]
[SourceDate "2006.10.08"]

1. e4 e5 2. Nf3 d6 3. d4 exd4 4. Nxd4 Nf6 5. Nc3 Be7 6. Be2 O-O 7. O-O Re8 8.
f4 Bf8 9. Bf3 c5 10. Nde2 Nc6 11. h3 Bd7 12. Be3 d5 13. exd5 Rxe3 14. dxc6 Bxc6
15. Qxd8 Rxd8 16. Kf2 Bxf3 17. gxf3 Rde8 18. Ng3 Bd6 19. Nf5 R3e6 20. Nxd6 Rxd6
21. Rad1 Red8 22. Rxd6 Rxd6 23. Re1 Kf8 24. Ne4 Rb6 25. b3 c4 26. Rd1 Ke7 27.
Ke3 Ra6 28. Rd4 cxb3 29. axb3 Nxe4 30. fxe4 Rh6 31. Rb4 b6 32. Ra4 a5 33. b4
axb4 34. Ra7+ Ke6 35. Rb7 Rxh3+ 36. Kd4 Rc3 37. f5+ Kf6 38. Rxb6+ Ke7 39. Rb7+
Ke8 40. Rxb4 Rxc2 41. Rb7 Rd2+ 42. Ke5 Rd7 43. Rb8+ Ke7 44. Rh8 f6+ 45. Kf4 h6
46. Ra8 Kf7 47. Rb8 Re7 48. Ra8 Re8 49. Ra7+ Kg8 50. Rb7 Kh7 51. Ra7 Rb8 52.
Re7 Rb5 53. Re8 h5 54. Re7 Rb1 55. Re8 Rg1 56. Ra8 Rf1+ 57. Kg3 Re1 58. Re8 Kh6
59. Re7 Rg1+ 60. Kh4 g5+ 61. fxg6 Kxg6 62. e5 Rg4+ 63. Kh3 f5 64. Re8 Kf7 65.
Rh8 Ke6 66. Re8+ Kd5 67. e6 Ke5 68. e7 Rg7 69. Kh4 Rh7 70. Kg5 Ke6 71. Kg6 Rf7
72. Rf8 Rxe7 73. Rf6+ Ke5 1/2-1/2

[Event "European Club Cup 2006"]
[Site "Fuegen AUT"]
[Date "2006.10.12"]
[Round "5.99"]
[White "Nogly, Christoph"]
[Black "Saastamoinen, Aarne"]
[Result "1-0"]
[WhiteElo "2266"]
[BlackElo "2175"]
[PlyCount "85"]
[EventDate "2006.10.08"]
[EventType "team"]
[EventRounds "7"]
[EventCountry "AUT"]
[Source "lmi"]
[SourceDate "2006.10.08"]

1. d4 Nf6 2. c4 e6 3. g3 Bb4+ 4. Nd2 c5 5. a3 Bxd2+ 6. Qxd2 cxd4 7. Nf3 b6 8.
Bg2 Bb7 9. O-O Bxf3 10. Bxf3 Nc6 11. Rd1 d5 12. Qc2 Rc8 13. Bg5 Na5 14. Bxf6
gxf6 15. Qa4+ Qd7 16. Qxd7+ Kxd7 17. cxd5 Ke7 18. dxe6 fxe6 19. Rac1 Nc4 20.
Rxd4 Nxb2 21. Rxc8 Rxc8 22. Rh4 Rh8 23. Rb4 Nd1 24. e3 Rd8 25. Rh4 Rd2 26.
Rxh7+ Kd6 27. Rh8 Kc5 28. Bxd1 Rxd1+ 29. Kg2 a5 30. Rc8+ Kb5 31. h4 Ka4 32. h5
b5 33. Ra8 e5 34. g4 e4 35. Kg3 Rf1 36. Ra7 Rh1 37. Kf4 Rh4 38. Kf5 Rh2 39.
Kxf6 Rxf2+ 40. Kg6 Rf3 41. h6 Rxe3 42. h7 Rh3 43. Kg7 1-0

[Event "European Club Cup 2006"]
[Site "Fuegen AUT"]
[Date "2006.10.12"]
[Round "5.102"]
[White "Bosman, Michiel"]
[Black "Thorfinnsson, Bjorn"]
[Result "0-1"]
[WhiteElo "2339"]
[BlackElo "2317"]
[PlyCount "88"]
[EventDate "2006.10.08"]
[EventType "team"]
[EventRounds "7"]
[EventCountry "AUT"]
[Source "lmi"]
[SourceDate "2006.10.08"]

1. e4 e5 2. Nf3 Nc6 3. Bc4 Bc5 4. c3 Nf6 5. d3 d6 6. Bb3 h6 7. Nbd2 Qe7 8. Nc4
Be6 9. O-O Bb6 10. Re1 O-O 11. h3 Na5 12. Nxb6 Bxb3 13. Nc8 Raxc8 14. axb3 Nc6
15. b4 a6 16. Nh4 Qe6 17. Nf5 Ne7 18. Nxe7+ Qxe7 19. f4 Rfe8 20. f5 Rcd8 21.
Qe2 d5 22. Be3 dxe4 23. Bc5 Qd7 24. dxe4 Qc6 25. Bf2 Rd7 26. Bh4 Red8 27. Bxf6
Qxf6 28. Qf2 Qg5 29. Re2 Rd1+ 30. Rxd1 Rxd1+ 31. Re1 Qc1 32. Rxd1 Qxd1+ 33. Kh2
Qd3 34. Qe1 b6 35. Kg1 Qc2 36. f6 Qxb2 37. Qe3 Qb1+ 38. Kf2 gxf6 39. Qe2 Kf8
40. Qc4 Kg7 41. Qxc7 Qxe4 42. Qxb6 Qc2+ 43. Kf1 Qxc3 44. Qxa6 Qxb4 0-1

[Event "European Club Cup 2006"]
[Site "Fuegen AUT"]
[Date "2006.10.12"]
[Round "5.103"]
[White "Bjornsson, Sigurbjorn"]
[Black "Van Ketel, Raoul"]
[Result "1/2-1/2"]
[WhiteElo "2335"]
[BlackElo "2324"]
[PlyCount "35"]
[EventDate "2006.10.08"]
[EventType "team"]
[EventRounds "7"]
[EventCountry "AUT"]
[Source "lmi"]
[SourceDate "2006.10.08"]

1. e4 e6 2. d4 d5 3. Nc3 dxe4 4. Nxe4 Nd7 5. Nf3 Ngf6 6. Bg5 h6 7. Nxf6+ Nxf6
8. Bh4 c5 9. Ne5 Qa5+ 10. c3 cxd4 11. Qxd4 Bc5 12. Nc4 Bxd4 13. Nxa5 Bb6 14.
Nc4 Bc7 15. Rd1 Bd7 16. Be2 Bc6 17. O-O Ke7 18. Bg3 1/2-1/2

[Event "European Club Cup 2006"]
[Site "Fuegen AUT"]
[Date "2006.10.12"]
[Round "5.104"]
[White "Van Wessel, Rudy"]
[Black "Hardarson, Robert"]
[Result "1/2-1/2"]
[WhiteElo "2321"]
[BlackElo "2310"]
[PlyCount "126"]
[EventDate "2006.10.08"]
[EventType "team"]
[EventRounds "7"]
[EventCountry "AUT"]
[Source "lmi"]
[SourceDate "2006.10.08"]

1. d4 Nf6 2. Nf3 c5 3. c3 b6 4. dxc5 bxc5 5. e4 e6 6. e5 Nd5 7. Bd3 Bb7 8. O-O
Be7 9. Qe2 f5 10. exf6 Nxf6 11. Bg5 O-O 12. Nbd2 Nh5 13. Qe5 Nc6 14. Qe4 g6 15.
Bh6 Ng7 16. Qg4 Qc7 17. Rfe1 Rf7 18. Ne4 Raf8 19. Qh3 Rxf3 20. gxf3 Ne5 21. Be2
Rf5 22. f4 Nf7 23. Ng3 Nxh6 24. Qxh6 Rxf4 25. Bd3 c4 26. Be4 Bc5 27. Re2 Bxe4
28. Nxe4 Nf5 29. Qg5 Be7 30. Qg2 Nh4 31. Qh3 Nf3+ 32. Kg2 Qc6 33. Qxf3 Rxf3 34.
Kxf3 Qd5 35. Kg2 h5 36. Rae1 h4 37. Rd2 Qc6 38. f3 Qc7 39. Ree2 d5 40. Nf2 Qf4
41. Rd4 Qf5 42. Rg4 Bf6 43. Nh3 e5 44. Nf2 Kf7 45. h3 Qb1 46. Rd2 Ke6 47. b3
cxb3 48. axb3 Qxb3 49. c4 d4 50. Ne4 Kf7 51. f4 Qe3 52. fxe5 Bxe5 53. Rf2+ Kg7
54. Rxh4 d3 55. Rg4 Bd4 56. h4 Qe1 57. h5 Bxf2 58. Rxg6+ Kh8 59. Nf6 Qg1+ 60.
Kf3 Qxg6 61. hxg6 Bd4 62. Nd7 Kg7 63. c5 Bxc5 1/2-1/2

[Event "European Club Cup 2006"]
[Site "Fuegen AUT"]
[Date "2006.10.12"]
[Round "5.106"]
[White "Pedersen, Nicolai Vesterbaek"]
[Black "Naumann, Alexander"]
[Result "0-1"]
[WhiteElo "2510"]
[BlackElo "2542"]
[PlyCount "78"]
[EventDate "2006.10.08"]
[EventType "team"]
[EventRounds "7"]
[EventCountry "AUT"]
[Source "lmi"]
[SourceDate "2006.10.08"]

1. e4 c5 2. c3 d5 3. exd5 Qxd5 4. d4 Nf6 5. Nf3 Bg4 6. dxc5 Qxd1+ 7. Kxd1 e5 8.
b4 e4 9. h3 Bh5 10. g4 Nxg4 11. hxg4 Bxg4 12. Nbd2 exf3 13. Bb5+ Nc6 14. Re1+
Be7 15. Kc2 Kf8 16. Ne4 a5 17. bxa5 Nxa5 18. Nd6 h5 19. Bf4 Be6 20. Re3 h4 21.
Rae1 g5 22. Be5 Rh5 23. Rxf3 g4 24. Rfe3 Nc6 25. a4 Nxe5 26. Rxe5 Rxe5 27. Rxe5
Bxd6 28. cxd6 h3 29. Rg5 Rd8 30. d7 Ke7 31. Rh5 Bxd7 32. Bxd7 Rxd7 33. f3 f5
34. fxg4 fxg4 35. Rh4 Kf6 36. Rxg4 Rh7 37. Rg1 h2 38. Rh1 Ke5 39. Kd3 Kf4 0-1

[Event "European Club Cup 2006"]
[Site "Fuegen AUT"]
[Date "2006.10.12"]
[Round "5.107"]
[White "Ernst, Sipke"]
[Black "Welling, Gerard"]
[Result "1-0"]
[WhiteElo "2512"]
[BlackElo "2371"]
[PlyCount "83"]
[EventDate "2006.10.08"]
[EventType "team"]
[EventRounds "7"]
[EventCountry "AUT"]
[Source "lmi"]
[SourceDate "2006.10.08"]

1. d4 g6 2. c4 Bg7 3. e4 d6 4. Nc3 Nd7 5. Nf3 e5 6. Be2 c6 7. Be3 Nh6 8. d5 c5
9. Nd2 f5 10. f3 O-O 11. Qc2 Nf6 12. Bg1 a6 13. a3 fxe4 14. fxe4 Nh5 15. O-O-O
Ng4 16. Bf3 Bh6 17. Kb1 Ne3 18. Bxe3 Bxe3 19. Nf1 Bd4 20. Ne2 Nf4 21. Nxd4 exd4
22. Nd2 b5 23. Rhf1 Bd7 24. Rde1 Qg5 25. g3 Nh3 26. e5 dxe5 27. Ne4 Qd8 28.
Nxc5 bxc4 29. Nxd7 Qxd7 30. Qxc4 Rac8 31. Qe2 Qf5+ 32. Be4 Qd7 33. Rxf8+ Rxf8
34. Bc2 Re8 35. Qxa6 Qxd5 36. Qa4 Rb8 37. Qa7 Qb5 38. b4 Rc8 39. Qa4 Qb6 40.
Qd7 Qc6 41. Qxc6 Rxc6 42. Rxe5 1-0

[Event "European Club Cup 2006"]
[Site "Fuegen AUT"]
[Date "2006.10.12"]
[Round "5.108"]
[White "Ondersteijn, Niels"]
[Black "Hoffmann, Michael"]
[Result "1/2-1/2"]
[WhiteElo "2288"]
[BlackElo "2477"]
[PlyCount "52"]
[EventDate "2006.10.08"]
[EventType "team"]
[EventRounds "7"]
[EventCountry "AUT"]
[Source "lmi"]
[SourceDate "2006.10.08"]

1. e4 c5 2. Nc3 e6 3. f4 d5 4. Nf3 dxe4 5. Bb5+ Bd7 6. Bxd7+ Nxd7 7. Nxe4 Ngf6
8. Qe2 Be7 9. O-O O-O 10. d3 Qc7 11. Bd2 c4 12. d4 Nxe4 13. Qxe4 Nf6 14. Qe2
Nd5 15. c3 Bd6 16. g3 b5 17. a3 h6 18. Rae1 Rae8 19. Qg2 f5 20. Re2 Nf6 21.
Rfe1 Ne4 22. Bc1 Qd7 23. Nd2 Nf6 24. Nf3 Ne4 25. Nd2 Nf6 26. Nf3 Ne4 1/2-1/2

[Event "European Club Cup 2006"]
[Site "Fuegen AUT"]
[Date "2006.10.12"]
[Round "5.110"]
[White "Span, Paul"]
[Black "Schaefer, Markus"]
[Result "1/2-1/2"]
[WhiteElo "2278"]
[BlackElo "2379"]
[PlyCount "44"]
[EventDate "2006.10.08"]
[EventType "team"]
[EventRounds "7"]
[EventCountry "AUT"]
[Source "lmi"]
[SourceDate "2006.10.08"]

1. e4 e6 2. d4 d5 3. Nc3 Nf6 4. Bg5 Be7 5. e5 Nfd7 6. Bxe7 Qxe7 7. f4 O-O 8.
Nf3 c5 9. dxc5 Nc6 10. Qd2 Nxc5 11. O-O-O a6 12. Bd3 b5 13. Kb1 b4 14. Ne2 a5
15. Ned4 Nxd4 16. Nxd4 Bd7 17. g4 f6 18. exf6 Qxf6 19. Rhf1 e5 20. fxe5 Qxe5
21. Bf5 Ne4 22. Qd3 Bxf5 1/2-1/2

[Event "European Club Cup 2006"]
[Site "Fuegen AUT"]
[Date "2006.10.12"]
[Round "5.112"]
[White "Asgeirsson, Heimir"]
[Black "Bromann, Thorbjorn"]
[Result "0-1"]
[WhiteElo "2191"]
[BlackElo "2379"]
[PlyCount "62"]
[EventDate "2006.10.08"]
[EventType "team"]
[EventRounds "7"]
[EventCountry "AUT"]
[Source "lmi"]
[SourceDate "2006.10.08"]

1. d4 d5 2. c4 c6 3. Nc3 Nf6 4. Nf3 a6 5. c5 g6 6. Bf4 Nh5 7. Bg5 Bg7 8. e3 O-O
9. Be2 Nd7 10. O-O h6 11. Bh4 g5 12. Bg3 Nxg3 13. hxg3 e5 14. Nxe5 Nxe5 15.
dxe5 Bxe5 16. Qc2 Qe7 17. b4 f5 18. a4 a5 19. Rab1 g4 20. Bd3 h5 21. Ne2 h4 22.
Rfe1 axb4 23. Rxb4 Ra5 24. Rc1 hxg3 25. fxg3 Bg7 26. Kf2 Re8 27. Qd2 Rxc5 28.
Rh1 Qg5 29. Nd4 Ra5 30. Ne2 Rc5 31. Rb3 d4 0-1

[Event "European Club Cup 2006"]
[Site "Fuegen AUT"]
[Date "2006.10.12"]
[Round "5.114"]
[White "Gudmundsson, Stefan Freyr"]
[Black "Carstensen, Jacob"]
[Result "1-0"]
[WhiteElo "2113"]
[BlackElo "2307"]
[PlyCount "153"]
[EventDate "2006.10.08"]
[EventType "team"]
[EventRounds "7"]
[EventCountry "AUT"]
[Source "lmi"]
[SourceDate "2006.10.08"]

1. e4 c5 2. Nc3 d6 3. g3 Nc6 4. Bg2 g6 5. d3 Bg7 6. Be3 e6 7. Qd2 Bd7 8. Nge2
Nd4 9. Nc1 Ne7 10. Nd1 O-O 11. c3 Ndc6 12. Bh6 d5 13. h4 dxe4 14. h5 Bxh6 15.
Qxh6 Nf5 16. Qd2 e3 17. Nxe3 Qg5 18. Nc4 Qxd2+ 19. Nxd2 b6 20. Ne4 f6 21. hxg6
hxg6 22. Nb3 Rad8 23. O-O-O Kg7 24. g4 Nh6 25. f3 Nf7 26. f4 Ne7 27. d4 cxd4
28. Nxd4 e5 29. g5 fxg5 30. fxe5 Bf5 31. e6 Bxe4 32. Bxe4 Nd6 33. Nc6 Nxc6 34.
Bxc6 Kf6 35. Rhf1+ Nf5 36. Rde1 Ke7 37. Rg1 Rd6 38. Bd7 Rf6 39. Rh1 Nh4 40. Re2
Rf3 41. Kc2 Rdd3 42. Re5 Rg3 43. Rxg5 Rxg5 44. Kxd3 Nf5 45. Rh2 Kd6 46. Ke4
Rg4+ 47. Kf3 Rg1 48. Kf4 Rd1 49. Kg5 Ne7 50. Rg2 Rd5+ 51. Kf6 Rf5+ 52. Kg7 Rd5
53. c4 Rd4 54. Kf8 g5 55. Rxg5 Rf4+ 56. Ke8 Rxc4 57. Rg2 Rh4 58. Rd2+ Nd5 59.
Rxd5+ Kxd5 60. e7 Rh8+ 61. Kf7 Rh7+ 62. Kf6 Kd6 63. e8=Q Rxd7 64. Qe5+ Kc6 65.
Ke6 Rd8 66. Qe4+ Kc7 67. Qe5+ Kb7 68. Ke7 Rc8 69. Qd5+ Kb8 70. b4 Rc7+ 71. Kd6
Rc8 72. Qe5 Kb7 73. a4 Kb8 74. a5 bxa5 75. bxa5 Kb7 76. Kd7 Rc1 77. Qb2+ 1-0